<?xml version="1.0" encoding="UTF-8"?>
<collection xmlns="http://www.loc.gov/MARC21/slim">
 <record>
  <leader>00506pamaa2200157   4500</leader>
  <controlfield tag="001">0000023120</controlfield>
  <controlfield tag="005">20060727090000.0</controlfield>
  <datafield tag="020" ind1="0" ind2="0">
   <subfield code="a">9839186019 </subfield>
  </datafield>
  <datafield tag="082" ind1=" " ind2=" ">
   <subfield code="a">499.28 BAH</subfield>
  </datafield>
  <datafield tag="090" ind1="0" ind2="0">
   <subfield code="a">PL5107 </subfield>
   <subfield code="b">BAH 1997</subfield>
  </datafield>
  <datafield tag="245" ind1="0" ind2="0">
   <subfield code="a">Bahasa melayu kemahiran  </subfield>
   <subfield code="c">disusun oleh sekumpulan tenaga pengajar kursus bahasa malaysia IV.</subfield>
  </datafield>
  <datafield tag="260" ind1="0" ind2="0">
   <subfield code="a">Kota Bahru: </subfield>
   <subfield code="b">Pustaka Reka, </subfield>
   <subfield code="c">1997.</subfield>
  </datafield>
  <datafield tag="300" ind1=" " ind2=" ">
   <subfield code="a">v, 345p.; </subfield>
   <subfield code="c">21cm.</subfield>
  </datafield>
  <datafield tag="504" ind1="0" ind2="0">
   <subfield code="a">Includes bibliographical references</subfield>
  </datafield>
  <datafield tag="650" ind1="0" ind2="0">
   <subfield code="a">Malay language </subfield>
  </datafield>
  <datafield tag="700" ind1="1" ind2="1">
   <subfield code="a">Tenaga Pengajar kursus Bahasa Malaysia IV </subfield>
  </datafield>
 </record>
</collection>
